|
|
|
|
| LEADER |
01390nam a2200277 a 4500 |
| 001 |
GR-MES13178 |
| 008 |
070924s gr b 000 0 gre d |
| 020 |
|
|
|a 9602864737
|q (set)
|
| 020 |
|
|
|a 9602864745
|
| 040 |
|
|
|a GrPaTEI
|b gre
|c GR-PaULI
|
| 040 |
|
|
|a GrPaTEI
|b gre
|c GR-PaULI
|
| 082 |
|
0 |
|a 180.938
|
| 100 |
1 |
|
|a Νικηταρά, Χριστίνα
|
| 245 |
1 |
0 |
|a Φιλοσοφικός περίπλους I :
|b Κεφάλαια αρχαίας ελληνικής φιλοσοφίας /
|c Χριστίνα Νικηταρά.
|
| 260 |
|
|
|a Αθήνα :
|b Έλλην,
|c 2000
|
| 300 |
|
|
|a 108σ. ;
|c 18εκ.
|
| 504 |
|
|
|a Περιλαμβάνει βιβλιογραφία.
|
| 600 |
|
4 |
|a Αριστοτέλης
|
| 600 |
|
4 |
|a Ηράκλειτος,
|d (π.540-π.480)
|
| 600 |
|
4 |
|a Πλάτων,
|d 427-347 π.χ
|
| 650 |
|
4 |
|a Φιλοσοφία ,Αρχαία ελληνική
|
| 942 |
|
|
|2 ddc
|
| 952 |
|
|
|0 0
|1 0
|2 ddc
|4 0
|6 180_938000000000000_ΝΙΚ
|7 0
|9 271684
|a MSLG
|b MSLG
|c BSC
|d 2021-01-17
|e 24
|f 0
|g 0.00
|l 0
|o 180.938 ΝΙΚ
|p 2420000022421
|r 2021-01-17 00:00:00
|t 1
|w 2021-01-17
|y BK15
|x 20070924 0 ΜΑΤΣΙΩΡΗ 1
|x GrPaTEI
|
| 952 |
|
|
|0 0
|1 0
|2 ddc
|4 0
|6 190_000000000000000_ΝΙΚ
|7 0
|9 321083
|a MSLG
|b MSLG
|c BSC
|d 2021-01-23
|e 24
|f 0
|g 0.00
|l 0
|o 190 ΝΙΚ
|p 2420000022422
|r 2021-01-23 00:00:00
|t 1
|w 2021-01-23
|y BK15
|x 20070924 0 ΜΑΤΣΙΩΡΗ 1
|x GrPaTEI
|
| 971 |
|
|
|a .b2579226x
|b 08-10-20
|c 13-09-16
|
| 999 |
|
|
|c 156977
|d 156977
|